Cd̤igo General del Proceso concordado

Bibliographic Details
Main Author: Chavarro Cadena, Jorge Enrique
Other Authors: Ortegn̤ Ortegn̤, Luis Gilberto, Chavarro Moreno, Cindy Lorena
Format: eBook
Language:Spanish
Published: Bogot:̀ Grupo Editorial Nueva Legislacin̤, 2020
Subjects:
Online Access:Acceso restringido

MARC

LEADER 00000nam a22000007a 4500
005 20210111220459.0
007 cr|||| ||||
008 210111s2020 co |||||s|||| 00||0 spa d
020 |a 978-958-52648-7-8 
035 |a 32235 
040 |a vLex 
090 |c 11066  |d 11066 
100 1 |a Chavarro Cadena, Jorge Enrique 
245 1 0 |a Cd̤igo General del Proceso concordado  |h [Recurso electrn̤ico] /  |c Jorge Enrique Chavarro Cadena, Luis Gilberto Ortegn̤ Ortegn̤,Cindy Lorena Chavarro Moreno 
256 |a Servicio en ln̕ea 
260 |a Bogot:̀  |b Grupo Editorial Nueva Legislacin̤,  |c 2020 
300 |a 1 recurso electrn̤ico 
506 1 |a Disponible solo en los productos indicados  |d vLex Global  |d vLex Global (Academic Edition, excluding Law Schools)  |d vLex Global (U.S. Academic Edition, Law Schools)  |d vLex Global (U.S. Academic Edition, excluding Law Schools)  |d vLex Global (Academic Edition, Law Schools) 
650 0 4 |a Derecho Procesal  |z Colombia 
700 1 |a Ortegn̤ Ortegn̤, Luis Gilberto 
700 1 |a Chavarro Moreno, Cindy Lorena 
740 0 |a vLex Libros (Servicio en ln̕ea) 
856 4 0 |u http://vlex.com/source/codigo-general-proceso-concordado-32235  |z Acceso restringido 
942 |c BOOK 
999 0 |a Procedural law